000
00331nam a2200145Ia 4500
008
221030s9999 xx 000 0 und d
041
_a
English
082
_a
105.23
_b
Kee
100
_a
M. Keegon
245
0
_a
Programming in C++
260
_b
Maruti Prakashan
_a
Meerut
_c
2004
300
_a
388
650
_a
Computers
942
_c
BK
999
_c
8715
_d
8715